| 000 | 01292nam a22002177a 4500 | ||
|---|---|---|---|
| 999 |
_c59353 _d59353 |
||
| 005 | 20251125233047.0 | ||
| 008 | s2552 th tha d | ||
| 040 | _aNALT | ||
| 041 | _atha | ||
| 086 | _aกค 01 1.2 2551-2552 | ||
| 245 | 1 | 0 | _aประมวลภารกิจและผลงาน ในรอบ 6 เดือน (22 ธันวาคม 2551 - 21 มิถุนายน 2552) นายแพทย์พฤฒิชัย ดำรงรัตน์ รัฐมนตรีช่วยว่าการกระทรวงการคลัง |
| 260 | 3 |
_aกรุงเทพฯ : _bกระทรวงการคลัง, _c2552 |
|
| 300 |
_a58 หน้า : _b ภาพประกอบ, ตาราง ; _c 30 ซม. |
||
| 610 | _aกระทรวงการคลัง | ||
| 650 | 0 | 4 | _aพฤฒิชัย ดำรงรัตน์ (รัฐมนตรีช่วยว่าการกระทรวงการคลัง) -- ผลงาน -- 2551--2552 |
| 650 | 0 | 4 | _aกระทรวงการคลัง -- ผลงาน -- 2551--2552 |
| 850 | _aNALT | ||
| 856 | 4 | 0 | _uhttps://hdl.handle.net/20.500.14156/425636 |
| 942 |
_cGB _2lcc |
||